LDR 00821naa#a2200169#i#450# 001 RU\\bibl\100507 005 20260513234404.3 011 ## _a2071-7318 100 ## _a20260508b2026####ek#y0rusy0150####ca 102 ## _aRU 200 1# _aСОВРЕМЕННАЯ ПРАКТИКА РЕВИТАЛИЗАЦИИ И УСТОЙЧИВОГО РАЗВИТИЯ ИНДУСТРИАЛЬНЫХ ЛАНДШАФТОВ _eЖурнальная статья 210 1# _aБелгород _cБелгородский государственный технологический университет им. В.Г. Шухова _d2026 215 ## _a10 с. 608 ## _aЖурнальная статья _2local 675 ## _aОрганизация ландшафта. Проект и выполнение. 712.00 _z 700 #1 _aТкаченко _gС. Г. 856 4# _anaukaru.ru _u